Southville International School and Colleges
Your cart is empty.
  • Cart
  • Lists
    Public lists Eva Luna New books Lux_list list_1
    Your lists Log in to create your own lists
  • Log in to your account
  • Your cookies
  • Search history
Southville International School and Colleges
  • Advanced search
  • Recent comments
  • Most popular
  • Libraries

Log in to your account

Log in with GOOGLE


If you do not have an external account, but do have a local account, you can still log in:

  1. Home
  2. MARC view: Storm on the horizon :
Normal view MARC view ISBD view

Storm on the horizon : (Record no. 295956)

[ view plain ]
MARC details
000 -LEADER
fixed length control field 01622cam a22003254a 4500
001 - CONTROL NUMBER
control field 13373849
003 - CONTROL NUMBER IDENTIFIER
control field SISC
005 - DATE AND TIME OF LATEST TRANSACTION
control field 20160616145246.0
008 - FIXED-LENGTH DATA ELEMENTS--GENERAL INFORMATION
fixed length control field 031015s2004 nyuab b 001 0 eng
010 ## - LIBRARY OF CONGRESS CONTROL NUMBER
LC control number 2003064165
020 ## - INTERNATIONAL STANDARD BOOK NUMBER
International Standard Book Number 0743235576
040 ## - CATALOGING SOURCE
Original cataloging agency DLC
Transcribing agency DLC
Modifying agency DLC
042 ## - AUTHENTICATION CODE
Authentication code pcc
043 ## - GEOGRAPHIC AREA CODE
Geographic area code ap-----
-- n-us---
-- a-su---
050 00 - LIBRARY OF CONGRESS CALL NUMBER
Classification number DS 79.735.R37
Item number .M67 2004
082 00 - DEWEY DECIMAL CLASSIFICATION NUMBER
Classification number 956.7044/242
100 1# - MAIN ENTRY--PERSONAL NAME
Personal name Morris, David J.,
Dates associated with a name 1971-
245 10 - TITLE STATEMENT
Title Storm on the horizon :
Remainder of title khafji--the battle that changed the course of the gulf war /
Statement of responsibility, etc David J. Morris.
260 ## - PUBLICATION, DISTRIBUTION, ETC. (IMPRINT)
Place of publication, distribution, etc New York :
Name of publisher, distributor, etc Free Press,
Date of publication, distribution, etc 2004.
300 ## - PHYSICAL DESCRIPTION
Extent xviii, 317 pages :
Other physical details illustrations ;
Dimensions 24 cm.
500 ## - GENERAL NOTE
General note Includes bibliographical references and index.
650 #0 - SUBJECT ADDED ENTRY--TOPICAL TERM
Topical term or geographic name as entry element Khafji, Battle of, Raʾs al-Khafjī, Saudi Arabia, 1991.
856 42 - ELECTRONIC LOCATION AND ACCESS
Materials specified Contributor biographical information
Uniform Resource Identifier <a href="http://www.loc.gov/catdir/bios/simon053/2003064165.html">http://www.loc.gov/catdir/bios/simon053/2003064165.html</a>
856 42 - ELECTRONIC LOCATION AND ACCESS
Materials specified Publisher description
Uniform Resource Identifier <a href="http://www.loc.gov/catdir/description/simon053/2003064165.html">http://www.loc.gov/catdir/description/simon053/2003064165.html</a>
856 41 - ELECTRONIC LOCATION AND ACCESS
Materials specified Table of contents only
Uniform Resource Identifier <a href="http://www.loc.gov/catdir/enhancements/fy0631/2003064165-t.html">http://www.loc.gov/catdir/enhancements/fy0631/2003064165-t.html</a>
856 41 - ELECTRONIC LOCATION AND ACCESS
Materials specified Sample text
Uniform Resource Identifier <a href="http://www.loc.gov/catdir/enhancements/fy0641/2003064165-s.html">http://www.loc.gov/catdir/enhancements/fy0641/2003064165-s.html</a>
906 ## - LOCAL DATA ELEMENT F, LDF (RLIN)
a 7
b cbc
c orignew
d 1
e ocip
f 20
g y-gencatlg
942 ## - ADDED ENTRY ELEMENTS (KOHA)
Source of classification or shelving scheme Library of Congress Classification
Koha item type Books
Holdings
Withdrawn status Lost status Source of classification or shelving scheme Damaged status Home library Current library Shelving location Date acquired Source of acquisition Sub Shelving location Total Checkouts Full call number Barcode Date last seen Price effective from Koha item type
    Library of Congress Classification   College Library College Library General Circulation Section 06/16/2016 Donation     DS 79.735.R37 .M67 2004 C20592 05/15/2018 06/16/2016 Books

Storm on the horizon :

APA

Morris D. J., . (2004). Storm on the horizon. New York: Free Press.

Chicago

Morris David J, . 2004. Storm on the horizon. New York: Free Press.

Harvard

Morris D. J., . (2004). Storm on the horizon. New York: Free Press.

MLA

Morris David J, . Storm on the horizon. New York: Free Press. 2004.

  • Place hold
  • Print
  • Cite
  • Add to your cart (remove)
  • Save record
    BIBTEX Dublin Core MARCXML MARC (non-Unicode/MARC-8) MARC (Unicode/UTF-8) MARC (Unicode/UTF-8, Standard) MODS (XML) RIS
  • More searches
    Search for this title in:
    Other Libraries (WorldCat) Other Databases (Google Scholar) Online Stores (Bookfinder.com) Open Library (openlibrary.org)

Exporting to Dublin Core...

SOUTHVILLE LIBRARY

Southville International School and Colleges Library

1281 Tropical Ave. Cor. Luxembourg St., BF Homes International, Las Pinas City

Tel. No. 8256374 / 252358 Loc. 117/146

Powered by Koha